[Event "Barcelona Sant Marti op-B 20th"]
[Site "Barcelona"]
[Date "2018.07.20"]
[Round "8"]
[White "Sanchez Rodriguez, Raul"]
[Black "Pandey, Vedanshi"]
[Result "1-0"]
[WhiteElo "1402"]
[BlackElo "1075"]
[PlyCount "119"]
[EventDate "2018.07.13"]
[EventType "swiss"]
[EventRounds "9"]
[EventCountry "ESP"]
[SourceTitle "EXT 2019"]
[Source "ChessBase"]
[SourceDate "2018.10.10"]
[SourceVersion "1"]
[SourceVersionDate "2018.10.10"]
[SourceQuality "1"]

1. e4 c6 2. Nc3 d5 3. exd5 cxd5 4. d4 Bf5 5. Nf3 Nf6 6. Bb5+ Nbd7 7. 0-0 a6 8. Ba4 b5 9. Bb3 e6 10. Re1 Be7 11. a4 bxa4 12. Bxa4 Ne4 13. Nxe4 Bxe4 14. Ne5 0-0 15. Nxd7 Re8 16. Ne5 Rf8 17. Nc6 Qc7 18. Nxe7+ Qxe7 19. Qg4 f5 20. Qg3 Qf6 21. Bf4 Qxd4 22. Be5 Qa7 23. Re3 Qf7 24. Qf4 Rac8 25. Rg3 g6 26. Bc3 d4 27. Bxd4 Bxc2 28. Bxc2 Rxc2 29. Qe5 Qe7 30. Qh8+ Kf7 31. Qxh7+ Ke8 32. Qxe7+ Kxe7 33. Rxg6 Ra8 34. h3 Kf7 35. Rg7+ Kf8 36. Bc3 Rxc3 37. bxc3 Kxg7 38. Ra5 Kf6 39. g4 Rg8 40. f3 fxg4 41. hxg4 Rc8 42. Ra3 Rc6 43. Kg2 Kg5 44. Kg3 e5 45. Ra5 Rxc3 46. Rxe5+ Kf6 47. Ra5 Rc6 48. Kh4 Kg6 49. f4 Kg7 50. g5 Kg6 51. f5+ Kg7 52. Kh5 Kh7 53. f6 Kg8 54. Kg6 Kf8 55. Kh7 Rc7+ 56. Kh6 Rc6 57. Rf5 Rc7 58. g6 Rc6 59. Kh7 Rc1 60. g7+ 1-0

[Event "Barcelona Sant Marti op-B 20th"]
[Site "Barcelona"]
[Date "2018.07.18"]
[Round "6"]
[White "Rodoreda Pares, Marc"]
[Black "Pandey, Vedanshi"]
[Result "1/2-1/2"]
[WhiteElo "1487"]
[BlackElo "1075"]
[PlyCount "93"]
[EventDate "2018.07.13"]
[EventType "swiss"]
[EventRounds "9"]
[EventCountry "ESP"]
[SourceTitle "EXT 2019"]
[Source "ChessBase"]
[SourceDate "2018.10.10"]
[SourceVersion "1"]
[SourceVersionDate "2018.10.10"]
[SourceQuality "1"]

1. e4 c6 2. d4 d5 3. Nc3 dxe4 4. Nxe4 Bf5 5. Nc3 Nf6 6. Bd3 Bxd3 7. Qxd3 h6 8. Bf4 e6 9. 0-0-0 Bd6 10. Nge2 Qc7 11. g3 Nbd7 12. h3 0-0-0 13. Rhe1 Nb6 14. Be3 e5 15. dxe5 Bxe5 16. Qf5+ Nbd7 17. Na4 g6 18. Qf3 Rde8 19. Nc5 Qb6 20. Nd3 Qa5 21. Nxe5 Rxe5 22. Bd4 Rf5 23. Qd3 Qxa2 24. Nc3 Qa5 25. Bxf6 Nxf6 26. Re7 Rd8 27. Qxd8+ Qxd8 28. Rxd8+ Kxd8 29. Rxb7 Rxf2 30. Rxa7 Nd7 31. Kd1 Rf3 32. Ne2 Nc5 33. Nd4 Rxg3 34. Nxc6+ Ke8 35. Ra8+ Kd7 36. Ne5+ Ke6 37. Re8+ Kf6 38. Ng4+ Kg7 39. Nf2 Rg2 40. Ke2 Rg3 41. b4 Ne6 42. c4 Nd4+ 43. Kd2 Nb3+ 44. Kc2 Nd4+ 45. Kd2 Rf3 46. Ke1 Rc3 47. Rc8 1/2-1/2

[Event "Barcelona Sant Marti op-B 20th"]
[Site "Barcelona"]
[Date "2018.07.15"]
[Round "3"]
[White "Pandey, Vedanshi"]
[Black "Marzo Ruiz, Xavier"]
[Result "1-0"]
[WhiteElo "1075"]
[BlackElo "1417"]
[PlyCount "113"]
[EventDate "2018.07.13"]
[EventType "swiss"]
[EventRounds "9"]
[EventCountry "ESP"]
[SourceTitle "EXT 2019"]
[Source "ChessBase"]
[SourceDate "2018.10.10"]
[SourceVersion "1"]
[SourceVersionDate "2018.10.10"]
[SourceQuality "1"]

1. e4 c5 2. Nf3 Nc6 3. Bc4 g6 4. Nc3 Bg7 5. d3 Nf6 6. Be3 b6 7. h3 Na5 8. Bb3 Nxb3 9. axb3 Bb7 10. 0-0 h6 11. Qd2 g5 12. Nb5 a6 13. Nc3 0-0 14. Rfd1 d6 15. Ne2 Nd7 16. Ra2 Ne5 17. Nxe5 Bxe5 18. Ng3 Bxg3 19. fxg3 e5 20. h4 f6 21. Qe2 Qe7 22. Qh5 Qh7 23. Rf1 Rf7 24. hxg5 hxg5 25. Qxh7+ Kxh7 26. Bxg5 Kg6 27. Be3 Rh8 28. b4 Kh5 29. Kf2 Kg4 30. Raa1 Rh2 31. Rh1 Rfh7 32. Rxh2 Rxh2 33. Kg1 Rh8 34. Rf1 Rf8 35. bxc5 bxc5 36. Rf3 c4 37. Kf2 a5 38. Ke2 c3 39. b3 Bc6 40. Bb6 a4 41. bxa4 Bxa4 42. Ba5 Bxc2 43. Bxc3 Bb3 44. Bb4 Rd8 45. Rxf6 Kxg3 46. Rxd6 Rxd6 47. Bxd6 Kxg2 48. Bxe5 Bc2 49. Ke3 Kh3 50. d4 Kg4 51. d5 Ba4 52. Bc7 Kg5 53. e5 Kf5 54. Kd4 Bd7 55. Kc5 Be8 56. Kd6 Bc6 57. Kxc6 1-0